000 00304nam a2200121Ia 4500
008 240624s9999 xx 000 0 und d
041 _aeng
082 _a332.6457 SHA
100 _aSHARMA MANU
245 _aFINANCIAL DERIVATIVES A CASE STUDY BASED
260 _c2015
_aNew Delhi
_bWiley
365 _cRS
_b33
999 _c26285
_d26285